La relazione d'aiuto : Teoria e tecnica della psicologia umanistico-esistenziale /

Guardat en:
Dades bibliogràfiques
Autor principal: Ferrucci, Gianni (Autor)
Format: Llibre
Idioma:italià
Publicat: Roma : Edizioni Magi
Matèries:
Etiquetes: Afegir etiqueta
Sense etiquetes, Sigues el primer a etiquetar aquest registre!

MARC

LEADER 00000nam a22000007i 4500
001 IT\ICCU\CAM\0217558
003 ItRI
005 20240222182722.0
008 170505s2009 it |||||| ||||| |||||c
020 |a 9788888232317 
040 |b ita  |c C 
041 7 |a ita  |2 ISO-639-2 
245 0 3 |a La relazione d'aiuto :  |b Teoria e tecnica della psicologia umanistico-esistenziale /  |c di Gianni Ferrucci. 
260 |a Roma :  |b Edizioni Magi 
300 |a 113 p. ;  |c 20 cm. 
650 7 |a Minorati  |x Psicologia sociale  |2 scbi 
700 1 |a Ferrucci, Gianni  |0 IT\ICCU\UBOV\542123  |4 aut 
942 |2 ddc  |c BK 
952 |0 0  |1 0  |2 ddc  |4 0  |6 616_891400000000000_FER_REL  |7 1  |9 37  |a GE  |b GE  |d 2015-02-08  |l 0  |o 616.8914 FER REL  |p 1771  |r 2023-11-01 23:13:22  |w 2023-11-01  |y BK 
981 1 |6 z01  |a i   |b xxxe  
982 1 |6 z01  |a n 
999 |c 35  |d 35